Normal view
MARC view
Entry Personal Name
001 - CONTROL NUMBER
- control field: 51173
003 - CONTROL NUMBER IDENTIFIER
- control field:
005 - DATE AND TIME OF LATEST TRANSACTION
- control field: 20210601181519.0
008 - FIXED-LENGTH DATA ELEMENTS
- fixed length control field: 210601|| aca||aabn | a|a d
040 ## - CATALOGING SOURCE
- Original cataloging agency:
- Transcribing agency:
100 ## - HEADING--PERSONAL NAME
- Personal name: Singh, Karam
670 ## - SOURCE DATA FOUND
- Source citation: Work cat.: (): Kahlon, A.S. 51016, Economics of farm management in India:, c1980
